| 000 | 00397nam a22001457a 4500 | ||
|---|---|---|---|
| 082 |
_aP-277 _bP-277 |
||
| 100 |
_aYasir Mehmood, Syndicate No 5 _948192 |
||
| 245 |
_aAn investigation to premature failure of Taxila Haripur road _cYasir Mehmood, Ahmad Rasool |
||
| 260 | _c2004 | ||
| 300 | _a76 P, : | ||
| 526 |
_a0 _b0 _c0 _dP_277_P277 |
||
| 650 | _aProject | ||
| 700 | _aKamran | ||
| 942 |
_2ddc _cBK |
||
| 999 |
_c551205 _d551205 |
||